Not straight from Germany. Sexual publics and sexual citizenship since Magnus Hirschfeld.
Guardat en:
| Altres autors: | , , |
|---|---|
| Format: | Desconegut |
| Publicat: |
Ann Arbor, USA:
University of Michigan Press,
2020.
|
| Col·lecció: | Social history, popular culture, and politics in Germany.
|
| Matèries: | |
| Etiquetes: |
Afegir etiqueta
Sense etiquetes, Sigues el primer a etiquetar aquest registre!
|
MARC
| LEADER | 00000 a2200000 4500 | ||
|---|---|---|---|
| 003 | CL-VaPUC | ||
| 005 | 20230427084400.0 | ||
| 008 | 230421t2020 ||||| |||| 00| 0 eng d | ||
| 999 | |c 440540 |d 440538 | ||
| 020 | |a 978-0-472-13035-1 | ||
| 040 | |c Pontificia Universidad Católica de Valparaíso | ||
| 082 | 7 | |a 306.7092 TAY 2020 |2 22 | |
| 100 | |a Taylor, Michael Thomas |e editor |9 881699 | ||
| 245 | |a Not straight from Germany. |b Sexual publics and sexual citizenship since Magnus Hirschfeld. | ||
| 260 | |a Ann Arbor, USA: |b University of Michigan Press, |c 2020. | ||
| 300 | |a 408 páginas. | ||
| 490 | |a Social history, popular culture, and politics in Germany. | ||
| 583 | |k GC |c 20230421 | ||
| 600 | |a Hirschfeld, Magnus, |d 1868-1935 |9 881700 | ||
| 650 | |a Sexo en el arte |9 881701 | ||
| 650 | |a Artes |z Alemania |x Historia |y Siglo 20 |9 881702 | ||
| 650 | |a Sexo |z Alemania |x Historia |y Siglo 20 |9 881703 | ||
| 650 | |a Sexo |x Medios de comunicación |9 881704 | ||
| 700 | |a Timm, Annette F |e editor |9 881705 | ||
| 700 | |a Herrn, Rainer |e editor |9 881706 | ||
| 942 | |2 ddc |c BK | ||
| 952 | |0 0 |1 0 |2 ddc |4 0 |6 306_709200000000000_TAY_2020 |7 0 |8 A |9 589734 |a BIBHIS |b BIBHIS |c GEN |d 2023-04-21 |e 2 |g 134187.00 |i 5657240 |l 1 |o 306.7092 TAY 2020 |p 5657240 |r 2025-01-20 |s 2023-05-08 |t 1 |v 134187.00 |w 2023-04-21 |y BK |k HIS | ||
| 952 | |0 0 |1 0 |2 ddc |4 0 |6 306_709200000000000_TAY_2020 |7 0 |8 A |9 589735 |a BIBHIS |b BIBHIS |c GEN |d 2023-04-21 |e 2 |g 134187.00 |i 5657241 |l 1 |o 306.7092 TAY 2020 |p 5657241 |r 2024-10-22 |s 2023-06-02 |t 2 |v 134187.00 |w 2023-04-21 |y BK |k HIS | ||